000 00658nam a22001697a 4500
005 20251108165030.0
008 250721s1994 xx 000 0 ara d
082 1 4 _a361.9565/ارد
245 1 0 _aدليل العمل الإجتماعي الأردني في مجالات الأسرة و الطفولة - المعونة الوطنية ... /
264 1 _aعمان :
_bكلية الأميرة رحمة للخدمة الإجتماعية،
_c1994.
300 _a96ص.
650 1 7 _aالخدمات الإجتماعية
650 1 7 _aالأردن
710 2 _aوزارة التنمية الإجتماعية . الأردن
942 _2ddc
_cBK
999 _c20430
_d20430